Los juegos en las secuencias de enseñanza / (Registro nro. 32434)
[ vista simple ]
| 000 -CABECERA | |
|---|---|
| campo fijo de control de longitud | 01419nab a2200253 4500 |
| 003 - IDENTIFICADOR DEL NÚMERO DE CONTROL | |
| campo de control | AR-RoBPED |
| 005 - FECHA Y HORADE LA ULTIMA TRANSACCION | |
| campo de control | 20260317122654.0 |
| 008 - ELEMENTOS DE LONGITUD FIJA--INFORMACION GENERAL | |
| campo fijo de control de longitud | 260317b |||||||| |||| 00| 0 spa d |
| 040 ## - FUENTE CATALOGADORA | |
| Centro catalogador/agencia de origen | AR-RoBPED |
| 041 ## - IDIOMA | |
| Código de idioma para texto/pista de sonido o título independiente | spa |
| 100 1# - ENCABEZAMIENTO PRINCIPAL--AUTOR PERSONAL | |
| Nombre de persona | Brinnitzer, Evelina |
| 9 (RLIN) | 22244 |
| Función | Profesora de Educación Física. Licenciada en Tiempo Libre y Recreación |
| 245 14 - TITULO | |
| Título | Los juegos en las secuencias de enseñanza / |
| 260 ## - PUBLICACION | |
| Lugar | Buenos Aires : |
| Editor | Noveduc, |
| Fecha | 2025 |
| 300 ## - DESCRIPCION FISICA | |
| Extensión | 2-7 p. |
| 500 ## - NOTA GENERAL | |
| Nota general | Diseñar una secuencia didáctica implica integrar en un recorrido varias clases. Decidir qué actividades se desarrollarán en esas clases y en qué orden, implica considerar los conceptos involucrados en el tema a enseñar y los conocimientos previos necesarios para aprenderlo. Con base en estas premisas, las autores ofrecen a modo de ejemplo, una secuencia para el área de Ciencias Naturales que incluye una propuesta lúdica articulada con otras actividades. |
| 650 #7 - TERMINO DE MATERIA--CONTROLADO | |
| Término controlado | JUEGOS |
| 9 (RLIN) | 19373 |
| Término controlado | ACTIVIDADES DIDACTICAS |
| 9 (RLIN) | 18754 |
| Término controlado | DIDACTICA |
| 9 (RLIN) | 167 |
| Término controlado | ENSEÑANZA |
| 9 (RLIN) | 342 |
| 700 ## - ENCABEZAMIENTO SECUNDARIO--AUTOR PERSONAL | |
| Nombre de persona | Fernández Panizza, Gabriela |
| 9 (RLIN) | 21546 |
| Función | Profesor de Enseñanza Primaria y especialista en Inteligencias Múltiples |
| 773 0# - DOCUMENTO FUENTE | |
| Host Biblionumber | 20414 |
| Host Itemnumber | 41863 |
| Place, publisher, and date of publication | Buenos Aires : Noveduc, 1993- |
| Título | Novedades Educativas |
| Record control number | (AR-RoBPED)20414 |
| International Standard Serial Number | 03283534 |
| 942 ## - ELEMENTOS KOHA | |
| Fuente de clasificación | Universal Decimal Classification |
| Koha tipo de ítem | Revistas |
| Clasificación | 37(05) |
| Signatura librística | Nov 86 N° 403 (Ago.2025) |
| Número Koha | k.32434 |
| 945 ## - PROCESAMIENTO DE LA INFORMACIÓN LOCAL | |
| Catalogador y fecha | mar 03/2026 |
No hay ítems disponibles.